01404 a2200157 4500003000500000005001700005020001800022040000900040082001600049100001900065245007300084260006400157300001300221505095700234600005501191Nust20221208120718.0 a9780070151406 cNust a621.382,MIS aITI Saha Misra aWireless Communications and Networks 3G and Beyond /cITI Saha Misra aNew DelhibTata McGraw Hill Education Private Limitedc2009 axi,390,p aIntroduction for Wireless communication and Networks (Page-1), Cellular Mobile Wireless Networks: Systems & Design Fundamentals and Propagation Path Loss Models (Page-5), Evolution of Modern Mobile Wireless Communication Systems (Page-48), Multiple Access Techniques in Wireless Communications (Page-67), Second Generation Mobile Networks GSM: Architecture and Protocols (Page-88), Networks--General Packet Radio Services (GPRS) (Page-110), Overview of CDMA Based IS--95 2G Cellular Networks (Page-141), 3G- Universal Mobile Telecommunication Systems (UMTS) (Page-155), Overview of Internet Protocol and Mobile Internet Protocol (Page-180), Mobility Management Issues: Role of IP on Wireless Networks (Page-206), Fundamentals of Wireless Local Area Networks (Page-243), Cellular and WLAN Integration : Heterogeneous Network Architecture, Step towards 4G Networks (Page-268), Overview of Wi Max Technologies: Broadband Wireless Communication (Page-301), aWireless Communications And Networks 3G and Beyond